000 00671nam a2200241Ia 4500
003 OSt
005 20220924123836.0
006 a|||||r|||| 00| 0
007 ta
008 220923b |||||||| |||| 00| 0 urd d
024 _a319230
037 _cTextual
040 _aARTS
_cARTS
_burd
041 _2urd
_aurd
082 _aO168jN04, K5
100 _aMalik Ram Ed.
245 0 _aNazr-e-arshi
260 _aNew Delhi
_b Majlis nazr-e-arshi India
_c1965
650 _aURDU LITERATURE
700 _a Ahmad Mukhtaruddin Ed.
_9193470
942 _hO168jN04, K5
_cTEXL
_2CC
999 _c417345
_d417345